Zpráva o inflaci - duben 2004 Česká národní banka
Saved in:
| Format: | Book |
|---|---|
| Language: | Czech |
| Published: |
Praha
Česká Národní Banka
2004
|
| Subjects: | |
| Tags: |
No Tags, Be the first to tag this record!
|
MARC
| LEADER | 00000nam$a2200000$$$4500 | ||
|---|---|---|---|
| 001 | 0019639 | ||
| 005 | 20240315114811.3 | ||
| 041 | 0 | |a cze | |
| 044 | |a CZ | ||
| 245 | 1 | 0 | |a Zpráva o inflaci - duben 2004 |b Česká národní banka |
| 264 | 1 | |a Praha |b Česká Národní Banka |c 2004 | |
| 300 | |a 35 s. |e 1 CD-ROM | ||
| 610 | 2 | 0 | |a banky |
| 610 | 2 | 0 | |a bankovníctvo |
| 610 | 2 | 0 | |a inflácia |
| 610 | 2 | 0 | |a mena |
| 610 | 2 | 0 | |a trh finančný |
| 610 | 2 | 0 | |a dopyt |
| 610 | 2 | 0 | |a ponuka |
| 610 | 2 | 0 | |a trh práce |
| 610 | 2 | 0 | |a náklady |
| 610 | 2 | 0 | |a ceny |
| 610 | 2 | 0 | |a makroekonomika |
| 610 | 2 | 0 | |a prognózy |